000 00517cam a2200205ua 4500
001 1241
008 110621n ii |||gr||||Z||||||eng
020 _a978-0-19-564900-0
020 _a0-19-564900-1
040 _cMAIN
082 _a338.9
245 1 0 _aDevelopment economics
_cby Debraj Ray
250 _a1oth imp.
260 _aNew Delhi:
_bOxford,
_c2006.
300 _axvii, 848p.:
_bill.;
_c40cm.
653 _aEconomics
653 _aEconomic development and planning
700 1 _aRay, Debraj,
942 _cBK
999 _c1145
_d1145